| 000 | 02923nam a2200337 i 4500 | ||
|---|---|---|---|
| 001 | 196271 | ||
| 003 | ES-MaACL | ||
| 005 | 20250711063133.0 | ||
| 008 | 240823s2018 sp ||||| |||| 00| 0 spa d | ||
| 020 | _a9786074461282 | ||
| 040 | _cES-MaACL | ||
| 100 | 0 |
_990940 _aPérez Herrero, Pedro _eaut |
|
| 245 |
_aMéxico y España : _bDel establecimiento de relaciones diplomáticas a la cooperación estratégica, 1977-2017 _cPedro Pérez Herrero, Agustín Sánchez Andrés, Carlos Sola Ayape. |
||
| 250 | _aPrimera edición, 2018 | ||
| 260 |
_aCiudad de México ; _bSecretaría de Relaciones Exteriores, _c2018. |
||
| 300 |
_a116 p. : _c23 cm. |
||
| 336 |
_2rdacontent _aTexto |
||
| 337 |
_2rdamedia _asin mediación |
||
| 338 |
_2rdacarrier _avolumen |
||
| 520 | _aEl establecimiento de las relaciones diplomáticas de México con España en 1977, tras el final de la dictadura franquista, inauguró un nuevo ciclo en las complejas relaciones entre los dos países. Superadas –no sin algunas fricciones– las tensiones del pasado, la nueva etapa se caracterizó por el considerable incremento de los intercambios económicos y financieros y por una creciente cooperación en todos los campos. La firma del Tratado General de Cooperación y Amistad en 1990 sirvió de cauce para la intensificación de la colaboración comercial, financiera, técnica, educativa y cultural a lo largo de las siguientes décadas. En el escenario internacional, la cooperación estratégica entre ambos países se tradujo en el respaldo a los procesos de democratización en Centroamérica durante la década de 1980, para enfocarse en las siguientes décadas en el impulso dado a las Cumbres Iberoamericanas, cuya organización correspondió a una iniciativa hispano-mexicana. En la actualidad, las relaciones bilaterales han pasado a girar en torno a sólidos vínculos de interés común basados en el incremento de los intercambios comerciales y financieros. La gravitación del Tratado de Libre Comercio de América del Norte sobre la economía mexicana y la institucionalización de las relaciones entre México y la Unión Europea plantean, no obstante, la cuestión de si en el futuro será necesario redefinir los cauces por los que han venido discurriendo en las últimas décadas las relaciones con España. | ||
| 650 | 4 |
_911350 _aCooperación internacional |
|
| 651 | 7 |
_9172959 _aMéxico- _xRelaciones- _zEspaña |
|
| 651 | 7 |
_9165181 _aEspaña- _xRelaciones- _zMéxico |
|
| 700 | 0 |
_9102455 _aSánchez Andrés, Agustín _eaut |
|
| 700 | 1 |
_9163905 _aSola Ayape, Carlos _eaut |
|
| 852 |
_aES-MaACL _bR.152819 _cDEPOJ _jN-9325 _hDonación: Editorial _xEncuadernación rústica con solapas _z205396 |
||
| 942 |
_cMONOGRAFIA _n0 |
||
| 999 |
_c196271 _d196271 |
||